Divyajñānadīpika Ānībeseṇṭu. (Record no. 72954)

MARC details
000 -LEADER
fixed length control field 00616cam a22002291 4500
001 - CONTROL NUMBER
control field sa 67001952
003 - CONTROL NUMBER IDENTIFIER
control field DLC
005 - DATE AND TIME OF LATEST TRANSACTION
control field 20260227112327.0
008 - FIXED-LENGTH DATA ELEMENTS--GENERAL INFORMATION
fixed length control field 890913s1966 ii c b 000 0 telo
010 ## - LIBRARY OF CONGRESS CONTROL NUMBER
LC control number sa 67001952
035 ## - SYSTEM CONTROL NUMBER
System control number (OCoLC)20337487
040 ## - CATALOGING SOURCE
Original cataloging agency DLC
Transcribing agency WaU
Modifying agency DLC
042 ## - AUTHENTICATION CODE
Authentication code premarc
050 00 - LIBRARY OF CONGRESS CALL NUMBER
Classification number BP585.B3
Item number S6
100 1# - MAIN ENTRY--PERSONAL NAME
Personal name Śrīrāmacandramūrti, Koṇḍamudi,
Dates associated with a name 1936-
245 10 - TITLE STATEMENT
Title Divyajñānadīpika Ānībeseṇṭu.
260 ## - PUBLICATION, DISTRIBUTION, ETC.
Date of publication, distribution, etc. 1966.
300 ## - PHYSICAL DESCRIPTION
Extent ii, 121 [1] p.
Other physical details ports.
Dimensions 22 cm.
500 ## - GENERAL NOTE
General note In Telugu.
504 ## - BIBLIOGRAPHY, ETC. NOTE
Bibliography, etc. note Bibliography: p. [122]
600 10 - SUBJECT ADDED ENTRY--PERSONAL NAME
Personal name Besant, Annie,
Dates associated with a name 1847-1933.

No items available.

Powered by Koha